书目信息 |
| 书名: | a Child's World | |
| 作者: | Diane E. Papalia etc. | |
| 分册号: | ||
| 分册名: | 出版地: | New York : |
|
| 出版社: | McGraw-Hill, Inc | |
| 出版时间: | 1993. | |
| 页数: | 577 p. ; | |
| 开本: | 29cm. | |
| 丛书名: | ||
| 中图分类号: | ||
| 科图分类号: | ||
| 其他分类号: | B844-1 | |
| 主题词: | ||
| 电子资源: | ||
| 000 | 00493nam 2200157 a 4500 | |
| 001 | E0259474912 | |
| 005 | 2002030716311447 | |
| 008 | 020307s1993 00010 eng | |
| 020 | @a0-07-048749-9 :@cRMB 12.00. | |
| 040 | @aPFT@beng | |
| 090 | @aB844-1 | |
| 099 | @dB844-1@eP213 | |
| 245 | @aa Child's World :@bInfancy Through Adolescence / @cDiane E. Papalia etc. | |
| 260 | @aNew York :@bMcGraw-Hill, Inc.,@c1993. | |
| 300 | @a577 p. ;@c29cm. | |
| 500 | @aIncludes bibliographical references and indexes. | |
| a Child's World : : Infancy Through Adolescence / / Diane E. Papalia etc.-New York : : McGraw-Hill, Inc., , 1993. |
| 577 p. ; ; 29cm. |
| Includes bibliographical references and indexes. |
| ISBN 0-07-048749-9 :RMB 12.00. |
| ● |
| 相关链接 |
|
|
|
正题名:a Child's World
索取号:B844-1/P213
 
预约/预借
| 序号 | 登录号 | 条形码 | 馆藏地/架位号 | 状态 | 备注 |
| 1 | 01682 | 300016827 | 社科库509/509社科库 129排2列4层/ [索取号:B844-1/P213] | 在馆 | |
| 2 | 03179 | 300031793 | 社科库509/509社科库 129排2列4层/ [索取号:B844-1/P213] | 在馆 |